000
00319nam a2200133Ia 4500
008
231129s1971||||xx |||||||||||||| ||spa||
040
_b
spa
082
_a
575.0162 B259u
100
_a
Barnett S.A.
245
0
_a
Un siglo después de Darwin : la evolución
260
_c
1971
264
_a
Alianza
942
_2
ddc
_c
BKS
999
_c
25905
_d
25905